Представление документа в формате MARC21

Поле Инд. ПП Название Значение
Тип записи a
Библиографический уровень m
001 Контрольный номер d437bc78ccf04f13bb076dbe618e0bd4
005 Дата корректировки 20170120150844.3
008 Кодируемые данные 161107|||||||||ru |||||||||||||||||rus||
020 a ISBN 978-5-699-69340-5
041 0_ a Код языка текста rus
084 a Индекс другой классификации/Индекс ББК 81.2Англ-4
090 a Полочн. индекс 81.2Англ-4
x Авторский знак М 98
100 1_ a Автор Мюллер В. К.
245 10 a Заглавие Полный англо-русский словарь
b Продолж. заглавия 180 000 слов и выражений
260 a Место издания Москва
b Издательство Эксмо
c Дата издания 2014
300 a Объем 907, [2] с.
440 _0 a Серия Библиотека словарей Мюллера
650 04 a Основная рубрика Англо-русские словари
650 04 a Основная рубрика Русско-английские словари
653 0_ a Ключевые слова Англо-русские словари; Русско-английские словари; Словари англо-русские; Словари русско-английские
901 t Тип документа m